| 000 | 00755pam a2200253 i 4500 | ||
|---|---|---|---|
| 001 | 17133 | ||
| 003 | BD-RjUL | ||
| 005 | 20211209000108.0 | ||
| 008 | 140216s1981 nyua b 001 0 eng | ||
| 020 | _a006041653X | ||
| 035 | _a(BD-RjUL)17190 | ||
| 040 |
_aDLC _cDLC _dDLC _dBD-RjUL _beng |
||
| 041 | _aeng | ||
| 082 | 0 | 0 |
_a808.51 _bDEE |
| 100 | 1 |
_aDeVito, Joseph A., _d1938- _952849 |
|
| 245 | 1 | 4 |
_aThe elements of public speaking / _cJoseph A. DeVito, with ill. by William H. Schneider. |
| 260 |
_aNew York, N.Y. : _bHarper & Row, _cc1981. |
||
| 300 |
_axvii, 446 p. : _bill. ; _c24 cm. |
||
| 504 | _aIncludes bibliographies and indexes. | ||
| 650 | 0 |
_aPublic speaking. _950302 |
|
| 942 |
_2ddc _cBK |
||
| 999 |
_c17133 _d17133 |
||